[Event "Barcelona Vila de Gracia op 25th"]
[Site "Barcelona"]
[Date "2021.10.01"]
[Round "1"]
[White "Comellas Blanchart, Jordi"]
[Black "Orriols Codina, Joan"]
[Result "1-0"]
[WhiteElo "2044"]
[BlackElo "1592"]
[PlyCount "41"]
[EventDate "2021.10.01"]
[EventType "swiss"]
[EventRounds "9"]
[EventCountry "ESP"]
[SourceTitle "EXT 2023"]
[Source "ChessBase"]
[SourceDate "2022.10.05"]
[SourceVersion "1"]
[SourceVersionDate "2022.10.05"]
[SourceQuality "1"]

1. d4 Nf6 2. c4 c5 3. d5 b5 4. cxb5 a6 5. bxa6 Bxa6 6. Nc3 d6 7. e4 g6 8. Bxa6 Rxa6 9. Nf3 Bg7 10. 0-0 0-0 11. Qe2 Qb6 12. Nd2 Nbd7 13. Nc4 Qa7 14. Bd2 Rb8 15. a4 Nb6 16. Nb5 Qb7 17. Na5 Qd7 18. Nc6 Rba8 19. Nc3 Nxa4 20. Nb8 Nxc3 21. Bxc3 1-0

[Event "Barcelona Tres Peons 47th"]
[Site "Barcelona"]
[Date "2018.02.23"]
[Round "7.5"]
[White "Orriols Codina, Joan"]
[Black "Volart Buil, Jordi"]
[Result "1/2-1/2"]
[WhiteElo "1749"]
[BlackElo "1912"]
[PlyCount "49"]
[EventDate "2018.01.12"]
[EventType "swiss"]
[EventRounds "8"]
[EventCountry "ESP"]
[SourceTitle "EXT 2024"]
[Source "ChessBase"]
[SourceDate "2023.10.10"]
[SourceVersion "1"]
[SourceVersionDate "2023.10.10"]
[SourceQuality "1"]

1. e4 e5 2. f4 d6 3. Nf3 Bg4 4. Bc4 Bxf3 5. Qxf3 Nf6 6. 0-0 Be7 7. d3 Nc6 8. a3 a6 9. c3 Qd7 10. Be3 Qg4 11. Nd2 Qxf3 12. Nxf3 Ng4 13. Bd2 f6 14. h3 Nh6 15. Rad1 Nf7 16. d4 Rf8 17. b4 b5 18. Bd5 Kd7 19. dxe5 fxe5 20. fxe5 Nfxe5 21. Nxe5+ dxe5 22. Rf5 Bd6 23. c4 bxc4 24. Bxc4 Nd4 25. Bc3 1/2-1/2

[Event "Barcelona Tres Peons 47th"]
[Site "Barcelona"]
[Date "2018.01.12"]
[Round "1.10"]
[White "De Moura Campos, Marco Esteve"]
[Black "Orriols Codina, Joan"]
[Result "1/2-1/2"]
[WhiteElo "1700"]
[BlackElo "1749"]
[PlyCount "68"]
[EventDate "2018.01.12"]
[EventType "swiss"]
[EventRounds "8"]
[EventCountry "ESP"]
[SourceTitle "EXT 2024"]
[Source "ChessBase"]
[SourceDate "2023.10.10"]
[SourceVersion "1"]
[SourceVersionDate "2023.10.10"]
[SourceQuality "1"]

1. d4 Nf6 2. c4 c5 3. d5 b5 4. b3 bxc4 5. bxc4 g6 6. Nc3 Bg7 7. Bd2 0-0 8. Rb1 d6 9. Nf3 Nbd7 10. e4 Ba6 11. Bd3 Ng4 12. 0-0 Nde5 13. Nxe5 Nxe5 14. Qe2 Nxd3 15. Qxd3 Qc7 16. Ne2 Rab8 17. g4 Rxb1 18. Rxb1 Rb8 19. Rxb8+ Qxb8 20. Qb3 Qc8 21. h3 h5 22. f3 hxg4 23. hxg4 e6 24. Kg2 exd5 25. exd5 Qe8 26. Ng3 Be5 27. f4 Bd4 28. a4 Qc8 29. Kf3 Qb7 30. Qxb7 Bxb7 31. Ke4 Ba6 32. Kd3 Kf8 33. Bc3 Ke7 34. Nf1 Bc8 1/2-1/2

[Event "Barcelona Vila Gracia op 8th"]
[Site "Barcelona"]
[Date "2014.09.26"]
[Round "1.8"]
[White "Orriols Codina, Joan"]
[Black "Martinez Pla, Xavier"]
[Result "0-1"]
[WhiteElo "1939"]
[BlackElo "2182"]
[PlyCount "60"]
[EventDate "2014.09.26"]
[EventType "swiss"]
[EventRounds "9"]
[EventCountry "ESP"]
[SourceTitle "EXT 2024"]
[Source "ChessBase"]
[SourceDate "2023.10.10"]
[SourceVersion "1"]
[SourceVersionDate "2023.10.10"]
[SourceQuality "1"]

1. d4 Nf6 2. c4 e6 3. Nc3 Bb4 4. Qc2 0-0 5. Bg5 b6 6. e4 h6 7. Bh4 g5 8. Bg3 c5 9. a3 Bxc3+ 10. bxc3 Nc6 11. dxc5 bxc5 12. Bd6 Re8 13. Bxc5 d5 14. cxd5 exd5 15. Bb5 Bd7 16. Ne2 Nxe4 17. Be3 Ne5 18. Bxd7 Qxd7 19. 0-0 Nc4 20. Bd4 a5 21. a4 Rab8 22. Rab1 Rxb1 23. Qxb1 Ned2 24. Qd1 Qe6 25. Ng3 Ne4 26. Nxe4 Qxe4 27. h3 Nb2 28. Qb3 Nd3 29. Qb6 Nf4 30. g3 Qg2# 0-1

[Event "Barcelona Tres Peons op-A 15th"]
[Site "Barcelona"]
[Date "2013.01.18"]
[Round "2"]
[White "Orriols Codina, Joan"]
[Black "Valls Marti, Artur"]
[Result "0-1"]
[WhiteElo "1818"]
[BlackElo "2148"]
[PlyCount "90"]
[EventDate "2013.01.11"]
[EventType "swiss"]
[EventRounds "9"]
[EventCountry "ESP"]
[SourceTitle "EXT 2014"]
[Source "ChessBase"]
[SourceDate "2013.11.20"]
[SourceVersion "1"]
[SourceVersionDate "2013.11.20"]
[SourceQuality "1"]

1. d4 Nf6 2. c4 g6 3. Nc3 d5 4. cxd5 Nxd5 5. e4 Nxc3 6. bxc3 Bg7 7. Nf3 0-0 8. Bc4 c5 9. Be3 Qa5 10. Qb3 cxd4 11. Bxd4 Nc6 12. Bxg7 Kxg7 13. 0-0 Qc7 14. Qb2 Na5 15. Bb3 b6 16. Nd4 Nc4 17. Qc2 Ba6 18. Rfe1 Rac8 19. Bxc4 Qxc4 20. Rac1 Rfd8 21. Qb2 Rc7 22. Nf3 Kf8 23. Qb3 Rdc8 24. Re3 Qc5 25. Nd2 Rd8 26. Nf3 Bc4 27. Qb2 Rcd7 28. a3 a5 29. h3 b5 30. Kh1 Kg7 31. Kg1 h6 32. Kh1 e5 33. Kg1 Kf6 34. Kh2 Ke6 35. Kg1 f6 36. Kh2 g5 37. Rc2 Rd3 38. Rxd3 Bxd3 39. Rd2 Rd6 40. Qb3+ Qc4 41. Qxc4+ bxc4 42. Ne1 Bxe4 43. Rb2 Rd1 44. Nc2 Bxc2 45. Rxc2 Ra1 0-1

[Event "Barcelona Chavarria Memorial 1st"]
[Site "Barcelona"]
[Date "2012.10.03"]
[Round "1"]
[White "Gonzalez Rodriguez, Jorge Armando"]
[Black "Orriols Codina, Joan"]
[Result "1-0"]
[WhiteElo "2372"]
[BlackElo "1869"]
[PlyCount "33"]
[EventDate "2012.10.03"]
[EventType "swiss"]
[EventRounds "9"]
[EventCountry "ESP"]
[SourceTitle "EXT 2014"]
[Source "ChessBase"]
[SourceDate "2013.11.20"]
[SourceVersion "1"]
[SourceVersionDate "2013.11.20"]
[SourceQuality "1"]

1. c4 e6 2. d4 b5 3. cxb5 a6 4. e3 axb5 5. Bxb5 g6 6. Nf3 Bg7 7. 0-0 Ba6 8. Bxa6 Nxa6 9. b3 Ne7 10. Bb2 0-0 11. Nc3 c6 12. a3 Qb6 13. b4 Rfb8 14. Qc2 c5 15. Na4 Qb5 16. dxc5 Bxb2 17. Nxb2 1-0